000 01095nam a22003497a 4500
003 CHAP
005 20220329134928.0
008 971013s1981 r 00010 d
010 _a28229
011 _a29201
035 _a33312
040 _cCHAP
082 _a001.642
_bL3
100 0 0 _aLandero H., José.
_964681
245 _aAPL-Graphic and image processing system
260 _aMéxico :
_bCentro Científico IBM,
_c(1981?)
300 _a63 h.
_b: ilus.
490 _aReport
_v; 81-002
590 _aBATCH-UPD
_b10
_c20130110
_lUCH01
_h0015
590 _aBATCH-UPD
_b10
_c20130110
_lUCH01
_h1951
590 _aBATCH-UPD
_b10
_c20130409
_lUCH01
_h1952
590 _aBATCH-UPD
_b10
_c20130410
_lUCH01
_h1312
590 _aBATCH-UPD
_b10
_c20130914
_lUCH01
_h1553
590 _aCONVERSION
_b10
_c20130109
_lUCH01
_h1316
650 1 4 _aAPL/360 (Programacion)
_96299
650 1 4 _aGráficas
_xTeoría de las.
_950766
710 0 _aIBM.
_957218
830 0 _aReport
_v; 81-002
_995990
901 _aBK
942 _cLIBRO
949 _a001.642 L3
_bBC
_cLIBRO
_d33724000288676
_eLIBRO
_h60153
_i33312
_mD
_si
999 _c28229
_d28229